| 000 | 00777nam a22002417a 4500 | ||
|---|---|---|---|
| 999 |
_c7904 _d7904 |
||
| 001 | 7904 | ||
| 003 | BD-JhCC | ||
| 005 | 20180217111151.0 | ||
| 008 | 171016s2009 bg ||||| ||a| 00| 0 ben d | ||
| 020 | _a9844152372 | ||
| 035 | _a(BD-JhCC)7904 | ||
| 040 |
_aBD-JhCC _dBD-JhCC |
||
| 041 | _aben | ||
| 082 |
_bRAJ 2009 _a308.22 |
||
| 245 |
_aরাজনৈতিক মতবাদের ইতিহাস : _bখন্ড ১ : প্রাচীন জগৎ ও মধ্যযুগ / _cকনফুশিয়াস...[et. all] |
||
| 260 |
_aঢাকা : _bঅবসর, _c2009. |
||
| 300 |
_a184 p. : _c22 cm. |
||
| 650 | _aPolitical science | ||
| 650 | _aNationalism | ||
| 700 | _aকনফুশিয়াস | ||
| 942 |
_2ddc _cBK |
||